Introducción a los Salmos
Guardat en:
| Autor principal: | |
|---|---|
| Format: | Llibre |
| Idioma: | espanyol |
| Publicat: |
Valencia
Institución San Jerónimo
1983
|
| Col·lecció: | Clásicos de la Ciencia Bíblica, 1
|
| Matèries: | |
| Etiquetes: |
Afegir etiqueta
Sense etiquetes, Sigues el primer a etiquetar aquest registre!
|
MARC
| LEADER | 00000nam a2200000 a 4500 | ||
|---|---|---|---|
| 001 | UCG6256 | ||
| 003 | CL-VaPUC | ||
| 008 | 110414e19830000SP |||||||||||||||||spa|d | ||
| 020 | |a 8470500848 | ||
| 082 | 0 | 4 | |a 223.2061 |b GUN |2 21 |
| 100 | 0 | |a Gunkel, Hermann |e author |9 556330 | |
| 245 | 1 | 0 | |a Introducción a los Salmos |
| 300 | |a 523 p | ||
| 942 | |c BK | ||
| 945 | |d 20110414 00:00:00 |a dcastane | ||
| 260 | |a Valencia |b Institución San Jerónimo |c 1983 | ||
| 650 | 0 | |a Biblia |9 257603 | |
| 650 | 0 | |a Antiguo testamento |9 313678 | |
| 650 | 0 | |a Salmos |9 319607 | |
| 650 | 0 | |a Crítica e interpretación |9 255042 | |
| 650 | 0 | |a Exégesis |9 365279 | |
| 583 | |a last modification |c 20110414 00:00:00 |k Rodrigo Vera | ||
| 490 | 0 | |a Clásicos de la Ciencia Bíblica, 1 | |
| 999 | |c 344530 |d 344528 | ||
| 952 | |0 0 |1 0 |4 0 |6 223_206100000000000_GUN_1983 |7 0 |8 A |9 442553 |a BIBTEO |b BIBTEO |d 2019-11-22 |i 4764560 |o 223.2061 GUN 1983 |p 4764560 |r 2025-01-17 |w 2019-11-22 |y BK |k ICR | ||